Statistiques concernant Focus sur: Thuringwethil - Tolkien

Cliquez ici pour prendre le quiz!

Statistiques générales

  • Ce quiz a été pris 5 fois
  • Le résultat moyen est 3 sur 6

Statistiques - réponses

Informations recherchéesRéponses% Correct
Première apparitionLe Silmarillion
100%
Age durant lequel il vécutPremier
100%
Espèce"Vampire"/Maia?
40%
ForteresseAngband
20%
Professions et titresMessagère de Sauron
0%
ContréeTol-in-Gaurhoth
0%

Distribution des résultats

Percentile par nombre de réponses

% des personnes avec chaque résultat

Votre développement - résultats

Vous n’avez pas pris ce quiz